| 000 | 00862cam a2200205 4500 | ||
|---|---|---|---|
| 001 | ##WS135085 | ||
| 008 | 060925n 000 0 eng u | ||
| 035 | _a(Sirsi) u135085 | ||
| 041 | 0 | _aeng | |
| 110 | 1 |
_aUnited Kingdom _bDepartment for Environment, Food and Rural Affairs |
|
| 245 | 0 | 0 | _aAffordable rural housing |
| 520 | _aThis website, jointly sponsored by DCLG and DEFRA, presents information, contacts and links to best practice for those interested in the issue of affordable rural housing. | ||
| 590 | _aIKA031006, KA | ||
| 650 | 2 | 4 |
_aAffordable housing _96215 |
| 651 | 4 |
_aEngland _y886- |
|
| 690 | _aPROPERTY-RURAL AND NATURAL ASSETS | ||
| 710 | 1 |
_aUnited Kingdom _bDepartment for Communities and Local Government _94939 |
|
| 856 | 4 | 0 |
_uhttps://www.defra.gov.uk/rural/arh/index.htm _zView the item free of charge at www.defra.gov.uk... |
| 942 | _n0 | ||
| 999 |
_c120520 _d120520 |
||